000 00946nam a22002177a 4500
003 OSt
005 20260414150236.0
008 260414b |||||||| |||| 00| 0 eng d
040 _c0
082 _aDPer 796.07 St822 September-December 2015 v.28 n.5-6 January-October 2016 v.29 n.1-5
100 _aStuhr, Paul T.
_eauthor.
_970575
245 _aThe ABCs of Adventure Based Learning /
_cPaul T. Stuhr, Sue Sutherland, Jim Ressler and Esther M. Ortiz-Stuhr.
260 _aAnnapolis Junction, Maryland, U.S.A. :
_bSHAPE America (Society of Health and Physical Educators) ;
_cNovember/December 2015.
300 _avolume 29, pages 3-9 :
_billustration ;
_c27cm.
500 _aStrategy, vol. 29, no.3, pages 3-9, January-February 2016.
700 _aStuhr, Paul T.
_eauthor.
_970575
700 _aSutherland, Sue.
_eauthor.
_962857
700 _aRessler, Jim.
_eauthor.
_970576
700 _aOrtiz-Stuhr, Esther M.
_eauthor.
_970577
942 _2ddc
_cPER
999 _c24600
_d24600